STN EN 15193: 2008 (36 0460) [neplatná], Energetická hospodárnosť budov. Energetické požiadavky na osvetlenie

Norma je slovenskou verziou EN 15193: 2007 s 2 národnými poznámkami

Bibliographic Details
Main Author: Gašparovský, Dionýz, 1971- (Author, Translator)
Corporate Author: TYPHOON (Bratislava, Slovensko)
Other Authors: Rakovský, Štefan (Translator)
Format: Book
Language:Slovak
English
PhysicalDescription:68 s. obr., tab. 30 cm
Published: Bratislava Slovenský ústav technickej normalizácie 2008
Subjects:

MARC

LEADER 00000cam a2200000 a 4500
001 vtls009819838
003 SK-MaSNL
005 20260301082700.0
008 130117s2008 xo a fru 000 0 slo
015 |a SNBN2010/04-02519 
020 |c (cen. skup. 16) 
035 |a (SVKBBclas03)vtls000286345 
040 |a SNK  |b slo  |c SNK  |e AACR2 
041 1 |a slo  |h eng 
044 |a xo  |c SK 
046 |a m  |m 20080401 (účin.)  |n 20171001 (zruš.) 
072 7 |a 628  |x Zdravotná technika. Úprava vody. Odpadové hospodárstvo. Svetelná technika  |2 konspekt 
080 |a 628.972  |2 2001 
080 |a 621.317.38  |2 2001 
080 |a 006.86  |2 2001 
080 |a (4)CEN  |2 2001 
080 |a (437.6)  |2 2001 
084 |a 91.140.99  |2 ICS 
084 |a 91.160.10  |2 ICS 
130 0 |a STN 36 0460 (STN EN 15193) [neplatná]  |9 408117 
245 1 0 |a STN EN 15193: 2008 (36 0460) [neplatná], Energetická hospodárnosť budov. Energetické požiadavky na osvetlenie 
246 1 0 |a Energetická hospodárnosť budov 
246 1 0 |a Energetické požiadavky na osvetlenie 
246 3 0 |a EN 15193: 2007 E 
260 |a Bratislava  |b Slovenský ústav technickej normalizácie  |c 2008 
300 |a 68 s.  |b obr., tab.  |c 30 cm 
500 |a Spracovateľ: TYPHOON s.r.o. Bratislava, Dionýz Gašparovský, Štefan Rakovský 
500 |a Norma je od 1.10.2017 nahradená anglickou verziou normy STN EN 15193-1 z októbra 2017, ktorú nahradila slovenská verzia normy STN EN 15193-1 z októbra 2019 v celom rozsahu 
504 |a Citované normy a súvisiace právne predpisy: s. 2, literatúra: s. 67 
520 8 |a Norma je slovenskou verziou EN 15193: 2007 s 2 národnými poznámkami 
540 |a STN vydané na akomkoľvek nosiči sa môžu rozmnožovať a rozširovať iba so súhlasom určenej právnickej osoby  |b SÚTN Bratislava  |c zákon 264/1999 Z.z. 
546 |a Terminológia, normatívne odkazy a literatúra aj v angličtine 
650 0 7 |a osvetlenie budov  |2 SVKBBPH  |9 408118 
650 0 7 |a energetické požiadavky  |2 SVKBBPH  |9 408119 
650 0 7 |a technické normy a štandardy  |z Slovensko  |2 SNKPH  |9 79594 
650 0 7 |a technické normy a štandardy  |z krajiny Európskej únie  |2 SNKPH  |9 289341 
655 7 |a normy  |2 SNKPH  |9 70643 
700 1 |a Gašparovský, Dionýz,  |d 1971-  |4 trl  |4 aut  |9 203025 
700 1 |a Rakovský, Štefan  |4 trl  |9 295160 
710 2 |a TYPHOON (Bratislava, Slovensko)  |9 332608 
710 2 |a Slovenský ústav technickej normalizácie (Bratislava, Slovensko).  |b Technická komisia č. 108 Svetlo a osvetlenie  |4 stn  |9 312128 
852 |a Štátna vedecká knižnica v Banskej Bystrici 
958 |a OP 
958 |a NB 
999 |c 658992  |d 660922 
952 |a SNK  |b SNK  |y PREZ  |7 0  |p 17A0590010  |o snkSTN EN 15193  |i snk2008/11390  |8 0  |0 0  |1 0  |4 0  |d 2008-05-28  |l 0  |r 2026-02-23 18:48:23  |w 2026-02-23 
952 |a SNK  |b SNK  |y PREZ  |7 0  |p 17A0590011  |o snkSTN EN 15193 D1  |i snk2008/11391  |8 0  |0 0  |1 0  |4 0  |d 2008-05-28  |l 0  |r 2026-02-23 18:48:23  |w 2026-02-23